00634nam a2200193Ia 4500003000900000008004100009040001600050080001600066100003100082245006000113250001200173260004800185300001000233650003500243650002600278942000700304999001500311952011400326IN-BaIIA211028s9999 xx 000 0 eng d cIIA Library a658.31bRAD aRadhakrishna Iyer, V97316 4aThe Central sales tax actbvol. 4cV. Radhakrihsna Iyer a4th ed. aMadrasbThe Little Flower And Companyc1968 a199p. aCentral Government Rules97081 aOthers Thesaurus9637 cBK c4154d4154 00104070aBANbKODcGENd1973-04-17g4.00l0o658.31/ RADp4635r2021-11-05v4.00w1973-04-17yBKGRs. 4.00